Concilio Vaticano II (Record no. 148112)

MARC details
000 -LEADER
campo de control de longitud fija 00589nam a2200169 4500
001 - NÚMERO DE CONTROL
campo de control 148112
003 - IDENTIFICADOR DE NÚMERO DE CONTROL
campo de control ES-MaACL
005 - FECHA Y HORA DE LA ÚLTIMA TRANSACCIÓN
campo de control 20230906202434.0
007 - CAMPO FIJO DE DESCRIPCIÓN FÍSICA--INFORMACIÓN GENERAL
campo de control de longitud fija t|
008 - DATOS DE LONGITUD FIJA--INFORMACIÓN GENERAL
campo de control de longitud fija 070214s1965 sp r ||||1| spa d
100 1# - ENTRADA PRINCIPAL--NOMBRE DE PERSONA
Nombre de persona Staehlin, Carlos María.
9 (RLIN) 107843
245 10 - MENCIÓN DEL TÍTULO
Título Concilio Vaticano II
Resto del título : decreto sobre los instrumentos de comunicación social /
Mención de responsabilidad, etc. texto y comentario de Carlos María Staehlin, Pascual Cebollada.
260 ## - PUBLICACIÓN, DISTRIBUCIÓN, ETC.
Lugar de publicación, distribución, etc. Madrid :
Nombre del editor, distribuidor, etc. Apostolado de la Prensa,
Fecha de publicación, distribución, etc. 1965.
300 ## - DESCRIPCIÓN FÍSICA
Extensión 120 p. ;
Dimensiones 17 cm.
700 1# - ENTRADA AGREGADA--NOMBRE PERSONAL
Nombre de persona Cebollada, Pascual.
9 (RLIN) 37289
852 ## - LOCALIZACIÓN
Ubicación ES-MaACL
Número de control de estantería C-29672
Sublocalización o colección R.60009
Holdings
Estatus retirado Estado de pérdida Estado de daño No para préstamo Biblioteca de origen Biblioteca actual Ubicación en estantería Fecha de adquisición Fuente de adquisición Total de préstamos Signatura topográfica completa Código de barras Visto por última vez Precio de reemplazo Tipo de ítem Koha
        Biblioteca del Ateneo de Madrid Biblioteca del Ateneo de Madrid Depósito 2 17/01/2008     C-29672 1154570 23/02/2023 23/02/2023 Libro impreso